| 000 | 00948nam a2200241 a 4500 | ||
|---|---|---|---|
| 001 | 000030869 | ||
| 003 | DO-SdBNP | ||
| 005 | 20250306141742.0 | ||
| 008 | 100308t1984 dr 000 0 spa d | ||
| 040 |
_aDO-SdBNP _bspa _cBNPHU |
||
| 082 | _aF-RD 43 | ||
| 110 | 1 |
_aUniversidad Autónoma de Santo Domingo _bOficina de Planificación Universitaria. _972951 |
|
| 245 | 1 | 0 |
_a(OPLAU-OFP) proyecto : _bdesarrollo y fortalecimiento de la docencia investigación y extensión. |
| 260 |
_aSanto Domingo : _bUASD, _c1984 _fAlfa y Omega |
||
| 300 |
_a28 p. ; _c21 cm. |
||
| 610 | 0 |
_aUniversidad Autónoma de Santo Domingo _976692 |
|
| 610 | 2 | 4 |
_aUNIVERSIDAD AUTÓNOMA DE SANTO DOMINGO _xINVESTIGACIONES _957401 |
| 650 | 4 |
_aUniversidades _xRepública dominicana _937180 |
|
| 650 | 4 |
_aExtensión universitaria _957402 |
|
| 650 | 4 |
_aPlanificación universitaria _xRepública dominicana _957403 |
|
| 910 | _aValidado. Control de calidad. EMS | ||
| 942 |
_2ddc _cLF2 |
||
| 999 |
_c30361 _d30361 |
||